|
|
|
|
| LEADER |
01085nam a2200289 4500 |
| 001 |
35480 |
| 003 |
BD-DhAAL |
| 005 |
20211205130654.0 |
| 008 |
191215t19942005xxuacod| |||| 001 0 eng d |
| 999 |
|
|
|c 42047
|d 42047
|
| 020 |
|
|
|a 020542063X
|
| 020 |
|
|
|a 9780205420636
|
| 040 |
|
|
|d BD-DhAAL
|
| 082 |
|
|
|a 618.92
|2 22
|
| 100 |
|
|
|4 Berk, Laura E.
|
| 245 |
|
|
|a Infants and children :
|b prenatal through middle childhood /
|c Laura E. Berk.
|
| 250 |
|
|
|a Fifth edition
|
| 260 |
|
|
|a Boston :
|b Pearson Allyn & Bacon,
|c c2005.
|
| 300 |
|
|
|a xxiv, 527 pages :
|b illustrations ;
|c 28 cm.
|
| 504 |
|
|
|a Includes bibliographical references and indexes.
|
| 526 |
|
|
|a BIED
|
| 541 |
|
|
|a Complimentary copy from BIED
|e 35480
|
| 650 |
|
|
|2 Child development
|
| 650 |
|
|
|a Enfants
|x Development
|9 38361
|
| 852 |
|
|
|a Ayesha Abed Library
|c BIED Collection
|
| 942 |
|
|
|2 ddc
|c BK
|
| 952 |
|
|
|0 0
|1 0
|2 ddc
|4 0
|6 618_920000000000000_BER
|7 0
|9 67452
|a BRACUL
|b BRACUL
|c GEN
|d 2019-12-15
|e Complimentary copy from BIED
|l 2
|o 618.92 BER
|p 3010035480
|r 2023-06-05
|s 2023-04-16
|t 1
|w 2019-12-15
|y BK
|x Transferred from BIED to General Stacks
|